Estudios del IV Congreso Eucaristico Nacional celebrado en Granada del 15 al 19 de Mayo 1957 (Record no. 289860)
[ view plain ]
| 000 -CABECERA | |
|---|---|
| Campo de control de longitud fija | 00371nam a22001217u 4500 |
| 008 - CÓDIGOS DE INFORMACIÓN DE LONGITUD FIJA | |
| Campo de control de longitud fija | 130405s xxu||||| |||| 00| 0 spa d |
| 041 ## - CÓDIGO DE LENGUA | |
| Código de lengua del texto/banda sonora o título independiente | spa |
| 001 - NÚMERO DE CONTROL | |
| Campo de control | 92216 |
| 245 00 - MENCIÓN DE TÍTULO | |
| Título | Estudios del IV Congreso Eucaristico Nacional celebrado en Granada del 15 al 19 de Mayo 1957 |
| 260 ## - PUBLICACIÓN, DISTRIBUCIÓN, ETC... (PIE DE IMPRENTA) | |
| Lugar de publicación, distribución, etc. | Granada: |
| Nombre del editor, distribuidor, etc. | Imprenta de Francisco Román Camacho |
| 300 ## - DESCRIPCIÓN FÍSICA | |
| Extensión | 582 p. |
| Dimensiones | ;24 cm. |
| 942 ## - ENTRADA DE ELEMENTOS AGREGADOS (KOHA) | |
| Koha [por defecto] tipo de item | Libros |
| Suprimido | Perdido | Estropeado | No para préstamo | Localización permanente | Localización actual | Localización en estantería | Fecha adquisición | Préstamos totales | Signatura completa | Número de Registro / Código de Barras | Fecha última consulta | Fecha del precio de reemplazo | Tipo de item de Koha |
|---|---|---|---|---|---|---|---|---|---|---|---|---|---|
| San Esteban | San Esteban | Depósito de libros | 21/05/2013 | 4255 | 92216 | 21/05/2013 | 21/05/2013 | Libros |
